[Event "Dutch"]
[Site "SchemingMind.com"]
[Date "2006.08.12"]
[Round "-"]
[White "unbreakable"]
[Black "Tipperary"]
[Result "1-0"]
[WhiteCountry "FRA"]
[BlackCountry "IRL"]
[WhiteElo "1833"]
[WhiteRD "96"]
[BlackElo "1327"]
[BlackRD "67"]
[GameID "62965"]

1. d4 f5 2. e4 Nh6 3. Bxh6 g6 4. Bxf8 Rxf8 5. exf5 c5 6. fxg6 hxg6 7. Nf3 cxd4 8. Qxd4 Qa5+ 9. Nc3 Nc6 10. Qg4 Rf6
11. O-O-O d6 12. Qa4 Qxa4 13. Nxa4 Bf5 14. Bb5
1-0

[Event "Dutch"]
[Site "SchemingMind.com"]
[Date "2006.08.10"]
[Round "-"]
[White "toguints"]
[Black "Kenny Elliott"]
[Result "0-1"]
[WhiteCountry "PHI"]
[BlackCountry "USA"]
[WhiteElo "1437"]
[WhiteRD "64"]
[BlackElo "1497"]
[BlackRD "72"]
[GameID "63056"]

1. d4 f5 2. Nf3 Nf6 3. Bg5 Ne4 4. Nbd2 Nxg5 5. Nxg5 e5 6. Ngf3 e4 7. Ne5 d6 8. Nec4 Nc6 9. e3 d5 10. Ne5 Nxe5
11. dxe5 Bc5 12. Nb3 Bb6 13. Be2 O-O 14. O-O Qe7 15. Qxd5+ Be6 16. Qxb7 Bxb3 17. cxb3 Qxe5 18. f4 Qxb2 19. Bc4+ Kh8 20. Rfe1 Rad8
21. Re2 Qxa1+ 22. Kf2 Qd1 23. Re1 Rd2+ 24. Be2 Bxe3+ 25. Kf1 Qc2 26. g3 Rxe2
0-1

[Event "Dutch"]
[Site "SchemingMind.com"]
[Date "2006.08.10"]
[Round "-"]
[White "toguints"]
[Black "Louis Lima"]
[Result "0-1"]
[WhiteCountry "PHI"]
[BlackCountry "ESP"]
[WhiteElo "1437"]
[WhiteRD "64"]
[BlackElo "1657"]
[BlackRD "49"]
[GameID "63057"]

1. d4 f5 2. e3 Nf6 3. Nf3 g6 4. Be2 Bg7 5. O-O d6 6. Nc3 O-O 7. b3 Nc6 8. Bb2 a6 9. Bd3 h6 10. Nh4 Qe8
11. Qf3 e5 12. Bc4+ Kh7 13. dxe5 dxe5 14. Nd5 Nxd5 15. Bxd5 g5 16. Bxc6 bxc6 17. Ba3 e4 18. Qe2 Rf7 19. Rad1 gxh4 20. c4 a5
21. f4 Bc3 22. Qh5 Bf6 23. Rd2 Be6 24. Rfd1 Qg8 25. Bb2 Bxb2 26. Rxb2 Qg4 27. Qxg4 fxg4 28. g3 hxg3 29. hxg3 Rd7 30. Rbd2 Rad8
31. Rxd7+ Rxd7 32. Rxd7+ Bxd7 33. Kf2 c5 34. Ke2= a4 35. Kf2 axb3 36. axb3 h5 37. Ke2 Kg7 38. Kd2 Kf7 39. Kc3 h4 40. gxh4 g3
0-1

[Event "Dutch"]
[Site "SchemingMind.com"]
[Date "2006.08.10"]
[Round "-"]
[White "toguints"]
[Black "iain"]
[Result "1-0"]
[WhiteCountry "PHI"]
[BlackCountry "USA"]
[WhiteElo "1437"]
[WhiteRD "64"]
[BlackElo "1395"]
[BlackRD "54"]
[GameID "63058"]

1. d4 f5 2. Nc3 d5 3. Nf3 e6 4. e3 Nf6 5. Bd3 Bb4 6. Bd2 O-O 7. O-O Nc6 8. a3 Bxc3 9. Bxc3 Ne4 10. Qe1 Nxc3
11. Qxc3 a6 12. b4 Bd7 13. b5 axb5 14. Bxb5 Na5 15. Bxd7 Qxd7 16. Ne5 Qd8 17. f3 c5 18. Qxc5 Nc4 19. Nxc4 dxc4 20. Qxc4 Rc8
21. Qxe6+ Kh8 22. c4 Rc6 23. Qd5 Qe7 24. a4 Rd8 25. Qxf5 Qxe3+ 26. Kh1 Qxd4 27. Qe4 Qxc4 28. Qxc4 Rxc4 29. g4 g5 30. a5 Rd3
31. Kg2 Rc2+ 32. Kg3 Rc4 33. h4 h6 34. Rad1 Ra3 35. Rfe1 Rc7 36. Ra1 Rxa1 37. Rxa1 Rc3 38. hxg5 hxg5 39. Kf2 Kg7 40. Rb1 Rc7
41. Ke3 Kf6 42. f4 gxf4+ 43. Kxf4 Rc4+ 44. Kg3 Ra4 45. Rxb7 Rxa5 46. Kh4 Ra4 47. Kh5 Ra5+ 48. Kh6 Ra3 49. Rb6+ Ke7 50. g5 Rh3+
51. Kg7 Rg3 52. g6 Kd7 53. Kf7 Kc7 54. Rf6 Kd7 55. g7
1-0

[Event "Dutch"]
[Site "SchemingMind.com"]
[Date "2006.08.10"]
[Round "-"]
[White "toguints"]
[Black "mart_r3000"]
[Result "0-1"]
[WhiteCountry "PHI"]
[BlackCountry "ENG"]
[WhiteElo "1429"]
[WhiteRD "67"]
[BlackElo "1270"]
[BlackRD "54"]
[GameID "63060"]

1. d4 f5 2. Nf3 d6 3. Nc3 Nf6 4. Bg5 h6 5. Bxf6 gxf6 6. Qd2 Bg7 7. e3 a6 8. O-O-O Be6 9. Be2 c6 10. Nh4 O-O
11. e4 Qa5 12. a3 fxe4 13. Bh5 Qxh5 14. g3 f5 15. Ng2 Nd7 16. Nf4 Qf7 17. d5 cxd5 18. Ncxd5 Nc5 19. b4 Na4 20. Nxe6 Bb2+
21. Kb1 Qxe6 22. Nc7 Qc4 23. Rdf1 Rac8 24. Qd5+ Qxd5 25. Nxd5 e6 26. Nb6 Nxb6 27. Kxb2 Na4+ 28. Kb3 b5 29. Rd1 Rc3+ 30. Ka2 Rxc2+
31. Kb1 Rfc8 32. Rxd6 Rb2+ 33. Ka1 Rcc2
0-1

[Event "Dutch"]
[Site "SchemingMind.com"]
[Date "2006.08.10"]
[Round "-"]
[White "toguints"]
[Black "Tipperary"]
[Result "1-0"]
[WhiteCountry "PHI"]
[BlackCountry "IRL"]
[WhiteElo "1456"]
[WhiteRD "66"]
[BlackElo "1327"]
[BlackRD "69"]
[GameID "63061"]

1. d4 f5 2. Nc3 e6 3. Nf3 c6 4. e3 Nf6 5. Bd3 Na6 6. Bxa6 bxa6 7. O-O Bd6 8. Re1 Ng4 9. h3 Nh6 10. e4 fxe4
11. Nxe4 Be7 12. Nfg5 O-O 13. c4 Qa5 14. Bd2 Qb6 15. Bc3 Bb4 16. c5 Qc7 17. Bxb4 a5 18. Bd2 Ba6 19. Qc1 Nf5 20. Bf4 Qd8
21. b4 Nxd4 22. Nc3 h6 23. Be3 hxg5 24. Bxd4 axb4 25. Ne4 g4 26. hxg4 Qh4 27. f3 Rae8 28. Qc2 Kf7 29. Nd6+ Kg8 30. Nxe8 Rxe8
31. Bf2 Qf6 32. Qa4 Bd3 33. Qxb4 Be2 34. Bd4 Qg5 35. Rxe2 e5 36. Rae1 e4 37. Rxe4 Rxe4 38. Rxe4 Qd8 39. Qc4+ Kh7 40. g5 Kg6
41. Qd3 Qxg5 42. Rg4+
1-0

[Event "Dutch"]
[Site "SchemingMind.com"]
[Date "2006.08.10"]
[Round "-"]
[White "toguints"]
[Black "unbreakable"]
[Result "1-0"]
[WhiteCountry "PHI"]
[BlackCountry "FRA"]
[WhiteElo "1456"]
[WhiteRD "66"]
[BlackElo "1821"]
[BlackRD "97"]
[GameID "63062"]

1. d4 f5 2. Nf3 Nf6 3. Nc3 e6 4. Bg5 Bb4 5. Qd3 b6 6. a3 Ba6 7. Qe3 Bxc3+ 8. Qxc3 O-O 9. O-O-O Ne4 10. Qe3 Nxg5
11. Nxg5 h6 12. Nf3 Qe7 13. g3 c5 14. Bg2 Nc6 15. Ne5 Nxe5 16. Bxa8 Ng4 17. Qf3 d5 18. dxc5 Rxa8 19. cxb6 axb6 20. h3 Nf6
21. Rhe1 Rc8 22. Qb3 Qc5 23. f3 Kh8 24. Rd2 Bc4 25. Qc3 b5 26. b3 Qxa3+ 27. Qb2 Qxb2+ 28. Kxb2 Rb8 29. bxc4 bxc4+ 30. Kc3
1-0

[Event "Dutch"]
[Site "SchemingMind.com"]
[Date "2006.08.10"]
[Round "-"]
[White "Kenny Elliott"]
[Black "toguints"]
[Result "1-0"]
[WhiteCountry "USA"]
[BlackCountry "PHI"]
[WhiteElo "1497"]
[WhiteRD "72"]
[BlackElo "1437"]
[BlackRD "64"]
[GameID "63063"]

1. d4 f5 2. c4 e6 3. Nc3 g6 4. Bf4 Bg7 5. Qd3 d6 6. Nf3 Bd7 7. g3 Qe7 8. Bg2 Nc6 9. O-O O-O-O 10. a4 Re8
11. Rfb1 Nb4 12. Qd2 Nf6 13. Nb5 Bxb5 14. Qxb4 Bc6 15. Qa5 a6 16. b4 Kd7 17. b5 axb5 18. axb5 Be4 19. Rb3 b6 20. Qc3 Ra8
21. Rxa8 Bxf3 22. Bxf3 Ne4 23. Bxe4 fxe4 24. Rxh8 Bxh8 25. Ra3 e5 26. dxe5 Bxe5 27. Bxe5 dxe5 28. Qe3 h5 29. Ra8 Qb4 30. Qxe4 g5
31. Qc6+ Ke7 32. Re8+ Kf7 33. Qe6+ Kg7 34. Rg8+ Kh7 35. Qg6#
1-0

[Event "Dutch"]
[Site "SchemingMind.com"]
[Date "2006.08.10"]
[Round "-"]
[White "Louis Lima"]
[Black "toguints"]
[Result "1-0"]
[WhiteCountry "ESP"]
[BlackCountry "PHI"]
[WhiteElo "1657"]
[WhiteRD "49"]
[BlackElo "1437"]
[BlackRD "64"]
[GameID "63064"]

1. d4 f5 2. f4 g6 3. Nf3 Nf6 4. e3 Bg7 5. Bc4 d5 6. Bd3 Nc6 7. c4 e6 8. Bd2 O-O 9. a3 Re8 10. Nc3 dxc4
11. Bxc4 Na5 12. Ba2 a6 13. O-O b5 14. Ne5 Bb7 15. Be1 Qd6 16. h3 Ne4 17. Nxe4 fxe4 18. Bxa5 Bxe5 19. fxe5 Qd7 20. Rc1 Rac8
21. Rf6 Bd5 22. Bxd5 exd5 23. Rfc6 Re6 24. Rxc7 Rxc7 25. Rxc7 Qe8 26. Qc2 Qf8 27. Bb4 Qf5 28. Rc8+ Kg7 29. Bf8+ Kg8 30. Bh6+ Kf7
31. Rf8+
1-0

[Event "Dutch"]
[Site "SchemingMind.com"]
[Date "2006.08.10"]
[Round "-"]
[White "iain"]
[Black "toguints"]
[Result "1-0"]
[WhiteCountry "USA"]
[BlackCountry "PHI"]
[WhiteElo "1395"]
[WhiteRD "54"]
[BlackElo "1437"]
[BlackRD "64"]
[GameID "63065"]

1. d4 f5 2. f4 e6 3. e3 Nf6 4. Nf3 g6 5. Bd3 Bg7 6. O-O Nc6 7. c4 d5 8. cxd5 Nxd5 9. Ne5 Bd7 10. Nc3 Qe7
11. Nxd5 exd5 12. a4 O-O-O 13. b3 Nb4 14. Bb5 a6 15. Bxd7+ Kb8 16. Ba3 Bxe5 17. Bxf5 Bd6 18. Bg4 Qxe3+ 19. Kh1 Nd3 20. Qe2 Qxe2
21. Bxe2 Bxa3 22. Bxd3 Bb2 23. Rab1 Bxd4 24. b4 Rhf8 25. f5 g5 26. g4 Bc3 27. b5 axb5 28. Bxb5 c6 29. Bxc6 Rf6 30. Bxb7 Ka7
31. Rfd1 Rb8 32. Bxd5 Rxb1 33. Rxb1 Ka6 34. Be6 Ka5 35. Rb7 Kxa4 36. Rxh7 Kb4 37. h4 Bd2 38. h5 Kc5 39. Bf7 Kd4 40. Kg2 Ke4
41. Bg6 Kf4 42. h6 Kxg4 43. Rd7 Rxg6 44. fxg6
1-0

[Event "Dutch"]
[Site "SchemingMind.com"]
[Date "2006.08.10"]
[Round "-"]
[White "mart_r3000"]
[Black "toguints"]
[Result "0-1"]
[WhiteCountry "ENG"]
[BlackCountry "PHI"]
[WhiteElo "1270"]
[WhiteRD "54"]
[BlackElo "1429"]
[BlackRD "67"]
[GameID "63067"]

1. d4 f5 2. Nf3 Nf6 3. Nc3 d5 4. Ne5 Nbd7 5. Nxd7 Bxd7 6. e3 e6 7. a3 Be7 8. Be2 O-O 9. O-O c5 10. dxc5 Bxc5
11. Qd3 Qc7 12. e4 fxe4 13. Qh3 d4 14. Nb5 Qb6 15. Qg3 Bxb5 16. Bh6 Rf7 17. Rae1 Bd6 18. f4 Bxe2 19. Rf2 Nh5 20. Qg5 Rf5
21. Qh4 gxh6 22. Rexe2 Rxf4 23. Rxf4 Nxf4 24. Qg4+ Kf7 25. Rxe4 Rg8 26. Qf3 d3+ 27. Kh1 Qxb2 28. Rxf4+ Bxf4 29. Qxf4+ Ke8 30. Qb8+ Kf7
31. Qf4+ Qf6 32. Qc7+ Qe7 33. Qc3 dxc2 34. Qxc2 Qxa3 35. Qxh7+ Rg7 36. Qb1 Qe3 37. Qxb7+ Kg6 38. Qb1+ Kg5 39. Qb5+ e5 40. h3 Kh4
41. Qf1 a5 42. Qf6+ Qg5 43. Qf2+ Qg3 44. Qf6+ Kh5 45. Qf5+ Rg5 46. Qe4 a4 47. h4 Qxg2+ 48. Qxg2 Rxg2 49. Kxg2 a3
0-1

[Event "Dutch"]
[Site "SchemingMind.com"]
[Date "2006.08.12"]
[Round "-"]
[White "unbreakable"]
[Black "toguints"]
[Result "1-0"]
[WhiteCountry "FRA"]
[BlackCountry "PHI"]
[WhiteElo "1736"]
[WhiteRD "111"]
[BlackElo "1437"]
[BlackRD "64"]
[GameID "63069"]

1. d4 f5 2. e4 e6 3. exf5 exf5 4. Bd3 d6 5. Nf3 Nf6 6. O-O Be7 7. c4 d5 8. Nc3 b6 9. Qc2 g6 10. cxd5 Nxd5
11. Nxd5 Qxd5 12. Qxc7 Nc6 13. Re1 O-O 14. Rxe7 Rf7 15. Rxf7 Qxf7 16. Qxc6 Bb7 17. Qc4 Bxf3 18. Qxf7+ Kxf7 19. gxf3 Rd8 20. Bg5 Rxd4
21. Rd1 Rb4 22. b3 a5 23. Bc4+ Kf8 24. Bd2
1-0

[Event "Dutch"]
[Site "SchemingMind.com"]
[Date "2006.08.10"]
[Round "-"]
[White "mateintwenty"]
[Black "Kenny Elliott"]
[Result "1-0"]
[WhiteCountry "UGA"]
[BlackCountry "USA"]
[WhiteElo "1970"]
[WhiteRD "99"]
[BlackElo "1525"]
[BlackRD "69"]
[GameID "63135"]

1. d4 f5 2. Nf3 Nf6 3. c4 c5 4. Nc3 e6 5. d5 Qb6 6. g3 Be7 7. Bg2 O-O 8. O-O Qb4 9. d6 Bd8 10. Ne5 Nc6
11. a3 Qb6 12. Na4 Qa6 13. Nxc5 Qb6 14. Ncd3 Nxe5 15. Nxe5 Ne8 16. b4 Qxd6 17. Qxd6 Nxd6 18. c5 Bf6 19. f4 Nc4 20. Rb1 Nxe5
21. fxe5 Bxe5 22. Bf4 Bd4+ 23. Kh1 Rb8 24. Bxb8 b6 25. Bd6 Rf6 26. Rf4 Bc3 27. Rc4 Bxb4 28. Rbxb4 Ba6 29. cxb6 axb6 30. Rc7 Bxe2
31. Rxd7 b5 32. a4 h6 33. axb5
1-0

[Event "Dutch"]
[Site "SchemingMind.com"]
[Date "2006.08.10"]
[Round "-"]
[White "mateintwenty"]
[Black "Louis Lima"]
[Result "1-0"]
[WhiteCountry "UGA"]
[BlackCountry "ESP"]
[WhiteElo "1969"]
[WhiteRD "106"]
[BlackElo "1657"]
[BlackRD "49"]
[GameID "63136"]

1. d4 f5 2. Nf3 Nf6 3. c4 g6 4. e3 Bg7 5. Nc3 d6 6. Bd3 O-O 7. O-O Nc6 8. a3 a6 9. b4 e5 10. dxe5 dxe5
11. e4 f4 12. Nd5 Ne7 13. Bb2 c6 14. Nxe7+ Qxe7 15. Bxe5
1-0

[Event "Dutch"]
[Site "SchemingMind.com"]
[Date "2006.08.10"]
[Round "-"]
[White "mateintwenty"]
[Black "toguints"]
[Result "1-0"]
[WhiteCountry "UGA"]
[BlackCountry "PHI"]
[WhiteElo "1969"]
[WhiteRD "106"]
[BlackElo "1437"]
[BlackRD "64"]
[GameID "63137"]

1. d4 f5 2. Nf3 Nf6 3. g3 d6 4. Bg2 e6 5. O-O Be7 6. c4 O-O 7. Nc3 d5 8. Bf4 Nh5 9. Qd2 c5 10. cxd5 Nxf4
11. Qxf4 exd5 12. Ne5 cxd4 13. Bxd5+
1-0

[Event "Dutch"]
[Site "SchemingMind.com"]
[Date "2006.08.10"]
[Round "-"]
[White "mateintwenty"]
[Black "iain"]
[Result "1-0"]
[WhiteCountry "UGA"]
[BlackCountry "USA"]
[WhiteElo "1934"]
[WhiteRD "111"]
[BlackElo "1400"]
[BlackRD "54"]
[GameID "63138"]

1. d4 f5 2. Nf3 Nf6 3. c4 e6 4. g3 Be7 5. Bg2 O-O 6. O-O d5 7. Nc3 dxc4 8. Ne5 Nc6 9. Bxc6 bxc6 10. Nxc6 Qd6
11. Ne5 Ba6 12. Bf4 Nh5 13. Bd2 Qxd4 14. Nc6 Bf6 15. Nxd4
1-0

[Event "Dutch"]
[Site "SchemingMind.com"]
[Date "2006.08.10"]
[Round "-"]
[White "mateintwenty"]
[Black "mart_r3000"]
[Result "1-0"]
[WhiteCountry "UGA"]
[BlackCountry "ENG"]
[WhiteElo "1969"]
[WhiteRD "106"]
[BlackElo "1284"]
[BlackRD "54"]
[GameID "63140"]

1. d4 f5 2. Nf3 Nc6 3. c4 e5 4. d5 Nce7 5. Nxe5 d6 6. Nf3 c6 7. Bg5 Qa5+ 8. Nc3 cxd5 9. cxd5 h6 10. Bf4 Ng6
11. Bd2 Qb6 12. a3 Nf6 13. e3 a6 14. Bd3 Ne7 15. Qc2 Bd7 16. Nd4 Rc8 17. Qd1 Nexd5 18. Nxd5 Nxd5 19. Qh5+ Kd8 20. Nxf5 Qxb2
21. Rd1 Qxa3 22. O-O Qxd3 23. Ba5+ b6 24. Rxd3 bxa5 25. Rxd5 Be8 26. Qh4+ g5 27. Qd4 Rh7 28. Qf6+ Be7 29. Rxd6+ Kc7 30. Rc1+ Kb7
31. Rb6+ Ka7 32. Rxa6+
1-0

[Event "Dutch"]
[Site "SchemingMind.com"]
[Date "2006.08.10"]
[Round "-"]
[White "mateintwenty"]
[Black "Tipperary"]
[Result "1-0"]
[WhiteCountry "UGA"]
[BlackCountry "IRL"]
[WhiteElo "1970"]
[WhiteRD "99"]
[BlackElo "1327"]
[BlackRD "67"]
[GameID "63141"]

1. d4 f5 2. Nf3 e6 3. g3 h6 4. Ne5 Ne7 5. e4 g6 6. Nc3 c6 7. Bd3 Rg8 8. Be3 h5 9. exf5 gxf5 10. Qxh5+ Ng6
11. Nxg6 Rxg6 12. Qxg6+ Ke7 13. Bg5+
1-0

[Event "Dutch"]
[Site "SchemingMind.com"]
[Date "2006.08.10"]
[Round "-"]
[White "mateintwenty"]
[Black "unbreakable"]
[Result "1-0"]
[WhiteCountry "UGA"]
[BlackCountry "FRA"]
[WhiteElo "1970"]
[WhiteRD "99"]
[BlackElo "1833"]
[BlackRD "96"]
[GameID "63142"]

1. d4 f5 2. Nf3 Nf6 3. g3 e6 4. Bg2 Be7 5. O-O O-O 6. c4 d6 7. Nc3 Ne4 8. h4 Nxc3 9. bxc3 Nc6 10. e4 fxe4
11. Ng5 e5 12. Nxh7 Kxh7 13. Bxe4+ Kg8 14. Qh5 Rf6 15. Bg6 Rxg6 16. Qxg6 Bh3 17. Re1 Qe8 18. Qe4 Qf7 19. d5 Rf8 20. Be3 Nd8
21. a4 a5 22. Kh2 Bf5 23. Qg2 Qg6 24. Rg1 Bg4 25. f4 exf4 26. gxf4 Bxh4 27. Qxg4 Qxg4 28. Rxg4 Bf6 29. Bd4
1-0

[Event "Dutch"]
[Site "SchemingMind.com"]
[Date "2006.08.10"]
[Round "-"]
[White "Kenny Elliott"]
[Black "mateintwenty"]
[Result "1-0"]
[WhiteCountry "USA"]
[BlackCountry "UGA"]
[WhiteElo "1500"]
[WhiteRD "69"]
[BlackElo "1884"]
[BlackRD "98"]
[GameID "63143"]

1. d4 f5 2. c4 e6 3. Nc3 Nf6 4. Bg5 Be7 5. Bxf6 Bxf6 6. Nf3 b6 7. e4 fxe4 8. Nxe4 Bb7 9. Bd3 Nc6 10. d5 Nb4
11. O-O Nxd3 12. Qxd3 O-O 13. Nxf6+ Qxf6 14. dxe6 dxe6 15. b3 Bxf3 16. Qxf3 Qxf3 17. gxf3 Rxf3 18. Rfd1 Raf8 19. Rd2 h6 20. Re1 R3f6
21. Ree2 Re8 22. Rd7 Rf7 23. Red2 Ree7 24. Rd8+ Kh7 25. Ra8 c5 26. a4 e5 27. Rad8 e4 28. Re2 Rf3 29. Re3 Ref7 30. Rd2 Rxe3
31. fxe3 Rf3 32. Rd7 Rxe3 33. Rxa7 Rxb3 34. Re7 e3 35. Kg2 Rb2+ 36. Kf3 Rxh2 37. Rxe3 Rb2 38. Ke4 Rb4 39. Kd5
1-0

[Event "Dutch"]
[Site "SchemingMind.com"]
[Date "2006.08.10"]
[Round "-"]
[White "Louis Lima"]
[Black "mateintwenty"]
[Result "0-1"]
[WhiteCountry "ESP"]
[BlackCountry "UGA"]
[WhiteElo "1657"]
[WhiteRD "49"]
[BlackElo "1969"]
[BlackRD "106"]
[GameID "63144"]

1. d4 f5 2. f4 Nf6 3. Nf3 e6 4. e3 b6 5. Bd3 Bb7 6. c4 Bb4+ 7. Bd2 a5 8. Bxb4 axb4 9. Nbd2 O-O 10. O-O c5
11. Nb3 Ng4 12. Qe2 Qc7 13. h3 Nf6 14. Ne5 d6 15. Nf3 h6 16. a3 Na6 17. a4 Nh5 18. Nbd2 Ng3
0-1

[Event "Dutch"]
[Site "SchemingMind.com"]
[Date "2006.08.11"]
[Round "-"]
[White "toguints"]
[Black "mateintwenty"]
[Result "0-1"]
[WhiteCountry "PHI"]
[BlackCountry "UGA"]
[WhiteElo "1429"]
[WhiteRD "67"]
[BlackElo "1970"]
[BlackRD "99"]
[GameID "63145"]

1. d4 f5 2. Nc3 e6 3. e3 Nf6 4. Nf3 b6 5. Bd3 Bb7 6. O-O Be7 7. e4 fxe4 8. Bxe4 Nxe4 9. Nxe4 Bxe4 10. Re1 Bb7
11. Ne5 O-O 12. c4 Bg5 13. d5 Qf6 14. f3 exd5 15. cxd5 d6 16. Ng4 Qf5 17. Bxg5 Qxg5 18. Ne3 Nd7 19. Rc1 Ne5 20. Kf2 Ba6
21. Rxc7 Nd3+ 22. Kg1 Nxe1 23. Qxe1 Rxf3 24. Re7 Raf8 25. g3 Qxe7
0-1

[Event "Dutch"]
[Site "SchemingMind.com"]
[Date "2006.08.10"]
[Round "-"]
[White "iain"]
[Black "mateintwenty"]
[Result "0-1"]
[WhiteCountry "USA"]
[BlackCountry "UGA"]
[WhiteElo "1395"]
[WhiteRD "54"]
[BlackElo "1969"]
[BlackRD "106"]
[GameID "63146"]

1. d4 f5 2. e3 Nf6 3. Bd3 e6 4. Ne2 b6 5. O-O Bb7 6. c4 g6 7. Nbc3 Bg7 8. b4 O-O 9. Bb2 d6 10. a4 c5
11. dxc5 dxc5 12. Ba3 Qc7 13. a5 Ng4 14. axb6 axb6 15. bxc5 bxc5 16. g3 Nd7 17. Nf4 Bxc3 18. Nxe6 Qc6 19. Nf4 Qh1#
0-1

[Event "Dutch"]
[Site "SchemingMind.com"]
[Date "2006.08.10"]
[Round "-"]
[White "mart_r3000"]
[Black "mateintwenty"]
[Result "0-1"]
[WhiteCountry "ENG"]
[BlackCountry "UGA"]
[WhiteElo "1284"]
[WhiteRD "54"]
[BlackElo "1969"]
[BlackRD "106"]
[GameID "63148"]

1. d4 f5 2. Nf3 Nf6 3. Nc3 e6 4. a3 b6 5. Bf4 Bb7 6. Nb5 d6 7. Ne5 dxe5 8. Bxe5 Bd6 9. Nxd6+ cxd6 10. Bg3 O-O
11. Bh4 Nbd7 12. Qd3 Qc7 13. c3 a5 14. Qh3 Ba6 15. O-O-O Ne4 16. Kb1 g5 17. Bxg5 Nxf2 18. Qh6 Nxd1 19. Qxe6+ Rf7 20. Qb3 Nf2
21. Rg1 Ne4 22. Qd1 Nxc3+ 23. Kc1 Nxd1+ 24. Kxd1 Rc8 25. Ke1 f4 26. g3 fxg3 27. Rxg3 Kh8 28. Bh3 Qc2 29. Rf3 Qxe2#
0-1

[Event "Dutch"]
[Site "SchemingMind.com"]
[Date "2006.08.12"]
[Round "-"]
[White "unbreakable"]
[Black "mateintwenty"]
[Result "1-0"]
[WhiteCountry "FRA"]
[BlackCountry "UGA"]
[WhiteElo "1821"]
[WhiteRD "97"]
[BlackElo "1884"]
[BlackRD "98"]
[GameID "63150"]

1. d4 f5 2. e4 fxe4 3. Nc3 Nf6 4. Bg5 e6 5. Nxe4 Be7 6. Bxf6 Bxf6 7. Qh5+ g6 8. Qh6 Qe7 9. Nf3 Nc6 10. O-O-O Bg7
11. Qd2 d5 12. Ng3 Bd7 13. Bb5 O-O-O 14. Bxc6 Bxc6 15. Rhe1 h5 16. Kb1 Kb8 17. Ne5 Be8 18. Qd3 Qf6 19. f3 g5 20. Qb3 Rd6
21. Qc3 Rb6 22. Re2 h4 23. Nf1 Bf8 24. Ne3 Bb4 25. Qd3 h3 26. c3 Bb5 27. Qxb5
1-0